000 00619nam a2200241Ia 4500
001 20336
005 20240114000512.0
007 ta
008 060222s1933 a g b000 u 465 u
040 _aCotton College,Assam
041 _a465
082 _a531
_bB 334 El
100 _aBaxter, H.A..
245 0 _aElementary Mechanics of Solid /
_cH.A.Baxter.
_hTextual Documents
250 _a1st ed. /
260 _aLondon :
_bBlackie & Sons Ltd ,
_c1933.
300 _a281p. :
_bill ;
_c22cm .
653 _aSolids
653 _aG-Physics
942 _2ddc
_cBK
999 _c20318
_d20318